MDQL
is popping MORE tags! Check the
thread
!
Quizzes
Events
Quiz Creation
Community
Videos
Private Events
Remove Ads
Sign In
Join for FREE
Feedback
Dark Mode
Quiz Categories
Sports
Geography
Music
Movies
Television
Just For Fun
Miscellaneous
History
Literature
Language
Science
Gaming
Entertainment
Religion
Holiday
For Kids
Quiz Lab
Recent
Popular Today
Quiz Kudos Today
Editor Picks
Curator Picks
Quizzes by...
Day
Popularity
Type
Ratings
Length
Year
Community
Subscriptions
Recent Discussions
Orange Saloon
Badges
Playlists
Quests
Create
Leaderboards
Showdown
Live 5
Trivia Bingo
Activity
Puzzle Library
Sporcle Events
Private Events
Virtual Trivia
Globe League
Become a Host
Pub Owners
SporcleCon
Opinionation
Our Games
Videos
Blog
Mobile Apps
Partnerships
Remove Ads and Go Orange
Feedback
Geography
Country
Landmarks
City
State
Population
World
Capital
Continent
Flags
Europe
Africa
Asia
South America
North America
Oceania
Border
Canada
United Kingdom
Topography
United States
Geography
Country
Landmarks
City
State
Population
World
Capital
Continent
Flags
Europe
Africa
Asia
South America
North America
Oceania
Border
Canada
United Kingdom
Topography
United States
Random Quiz
Search Sporcle
×
Quiz Lab
Quiz Lab
Geography
Country
Type in answers that appear in a list
Type in answers that appear in a list
Classic
Best Score? Go Orange.
International Web Codes Stats
Can you name the Countries, given their website codes?
By
mentalplayground
20m
189 Questions
60 Plays
60 Plays
60 Plays
Comments
Comments
Give Quiz Kudos
Give Quiz Kudos
-
- Ratings
hide this ad
Forced Order
Answers have to be entered in order
Answers have to be entered in order
Replay
Link that replays current quiz
Next Quiz
Link to next quiz in quiz playlist
You Got
0%
They Got
Avg Score
40%
Avg Friend Score
Upgrade to see
Score Distribution
Jump to the score distribution portion of the page
Score
0/189
Timer
20:00
0
Plays Today
Code
Country
% Correct
.au
Australia
85%
.af
Afghanistan
83.3%
.az
Azerbaijan
81.7%
.be
Belgium
68.3%
.al
Albania
66.7%
.at
Austria
66.7%
.cz
Czech Republic
66.7%
.am
Armenia
65%
.ar
Argentina
65%
.ca
Canada
63.3%
.dk
Denmark
63.3%
.bh
Bahrain
61.7%
.dj
Djibouti
61.7%
.uk
United Kingdom
61.7%
.us
United States
61.7%
.uz
Uzbekistan
61.7%
.ye
Yemen
60%
.ad
Andorra
58.3%
.ae
United Arab Emirates
58.3%
.de
Germany
58.3%
.fr
France
58.3%
.iq
Iraq
58.3%
.ir
Iran
58.3%
.zw
Zimbabwe
58.3%
.br
Brazil
56.7%
.in
India
56.7%
.it
Italy
56.7%
.rw
Rwanda
56.7%
.ug
Uganda
56.7%
.uy
Uruguay
56.7%
.zm
Zambia
56.7%
.cn
China
55%
.fj
Fiji
55%
.jm
Jamaica
55%
.jp
Japan
55%
.lv
Latvia
55%
.om
Oman
55%
.qa
Qatar
55%
.bf
Burkina Faso
53.3%
.bw
Botswana
53.3%
.fi
Finland
53.3%
.hu
Hungary
53.3%
.ro
Romania
53.3%
.ru
Russia
53.3%
.sk
Slovakia
53.3%
.bz
Belize
51.7%
.kz
Kazakhstan
51.7%
.lt
Lithuania
51.7%
.nz
New Zealand
51.7%
.vu
Vanuatu
51.7%
.ec
Ecuador
50%
.gr
Greece
50%
.jo
Jordan
50%
.th
Thailand
50%
.ao
Angola
48.3%
.bg
Bulgaria
48.3%
.cl
Chile
48.3%
.dm
Dominica
48.3%
.es
Spain
48.3%
.ve
Venezuela
48.3%
.bb
Barbados
46.7%
.cm
Cameroon
46.7%
.cy
Cyprus
46.7%
Code
Country
% Correct
.ie
Ireland
46.7%
.ke
Kenya
46.7%
.kg
Kyrgyzstan
46.7%
.sy
Syria
46.7%
.tj
Tajikistan
46.7%
.va
Vatican City
46.7%
.bo
Bolivia
45%
.do
Dominican Republic
45%
.eg
Egypt
45%
.er
Eritrea
45%
.et
Ethiopia
45%
.gy
Guyana
45%
.id
Indonesia
45%
.is
Iceland
45%
.kw
Kuwait
45%
.mx
Mexico
45%
.no
Norway
45%
.pt
Portugal
45%
.tz
Tanzania
45%
.cu
Cuba
43.3%
.ee
Estonia
43.3%
.gh
Ghana
43.3%
.il
Israel
43.3%
.mz
Mozambique
43.3%
.nl
Netherlands
43.3%
.pg
Papua New Guinea
43.3%
.py
Paraguay
43.3%
.tv
Tuvalu
43.3%
.co
Colombia
41.7%
.pe
Peru
41.7%
.pl
Poland
41.7%
.bd
Bangladesh
40%
.ki
Kiribati
40%
.pk
Pakistan
40%
.tg
Togo
40%
.za
South Africa
40%
.ht
Haiti
38.3%
.lb
Lebanon
38.3%
.li
Liechtenstein
38.3%
.lu
Luxembourg
38.3%
.ng
Nigeria
38.3%
.np
Nepal
38.3%
.ph
Philippines
38.3%
.bn
Brunei
36.7%
.bs
Bahamas
36.7%
.ga
Gabon
36.7%
.gt
Guatemala
36.7%
.sd
Sudan
36.7%
.se
Sweden
36.7%
.ag
Antigua and Barbuda
35%
.ge
Georgia
35%
.hr
Croatia
35%
.kr
South Korea
35%
.ly
Libya
35%
.sa
Saudi Arabia
35%
.tm
Turkmenistan
35%
.to
Tonga
35%
.ba
Bosnia and Herzegovina
33.3%
.cg
Democratic Republic of the Congo
33.3%
.mg
Madagascar
33.3%
.na
Namibia
33.3%
.so
Somalia
33.3%
.tr
Turkey
33.3%
Code
Country
% Correct
.tt
Trinidad and Tobago
33.3%
.ua
Ukraine
33.3%
.vn
Vietnam
33.3%
.bi
Burundi
31.7%
.by
Belarus
31.7%
.ch
Switzerland
31.7%
.gq
Equatorial Guinea
31.7%
.hn
Honduras
31.7%
.nr
Nauru
31.7%
.pa
Panama
31.7%
.sz
Swaziland
31.7%
.bt
Bhutan
30%
.cf
Central African Republic
30%
.cr
Costa Rica
30%
.cv
Cape Verde
30%
.la
Laos
30%
.md
Moldova
30%
.ml
Mali
30%
.mm
Myanmar
30%
.ni
Nicaragua
30%
.sn
Senegal
30%
.ws
Samoa
30%
.bj
Benin
28.3%
.ci
Cote D'Ivoire
28.3%
.fm
Micronesia
28.3%
.gm
The Gambia
28.3%
.mw
Malawi
28.3%
.my
Malaysia
28.3%
.sm
San Marino
28.3%
.gn
Guinea
26.7%
.mt
Malta
26.7%
.sc
Seychelles
26.7%
.mc
Monaco
25%
.sg
Singapore
25%
.lr
Liberia
23.3%
.tn
Tunisia
23.3%
.dz
Algeria
21.7%
.kp
North Korea
21.7%
.ls
Lesotho
21.7%
.ma
Morocco
21.7%
.mn
Mongolia
21.7%
.pw
Palau
21.7%
.si
Slovenia
21.7%
.sr
Suriname
21.7%
.gd
Grenada
20%
.kn
Saint Kitts and Nevis
20%
.mr
Mauritania
20%
.ne
Niger
20%
.lc
Saint Lucia
18.3%
.mk
Macedonia
18.3%
.mv
Maldives
18.3%
.vc
Saint Vincent and the Grenadines
18.3%
.kh
Cambodia
16.7%
.sv
El Salvador
16.7%
.td
Chad
16.7%
.mu
Mauritius
15%
.st
Sao Tome and Principe
15%
.mh
Marshall Islands
13.3%
.sl
Sierra Leone
13.3%
.lk
Sri Lanka
11.7%
.sb
Solomon Islands
11.7%
.gw
Guinea-Bissau
10%
.km
Comoros
8.3%
Quiz Playlist
Details
Report
Send in Message
Add To Playlist
Classic:
Type in answers that appear in a list
Forced Order:
Answers have to be entered in order
Last Updated: Feb 16, 2017
Quiz Scoreboard
CHALLENGE
Sign Up to Join the Scoreboard
Show All
Scores
Hide
Comments
May contain spoilers
Recently Published
1-10 Letter E Words III
by El_Dandy
Language
2m
Street Fighter Characters
by Artimus82
Gaming
60s
College Basketball Coaching Resumes
by pancakes188
Sports
9m
More to Explore
Quiz From the Vault
Featured Blog Post
Where Did the Easter Bunny Come From?
hide this ad
You Might Also Like...
Tags
Country Quiz
code
International
Web
Website
Today's Top Quizzes in Geography
Browse Geography
hide this ad
Today's Top Quizzes in Country
Browse Country
Top Contributed Quizzes in Geography
1
Countries of the World - No Outlines Minefield
2
Top 25 Cities of France on a map
3
Any capital of a 'B' country per Continent
4
Any capital of a 'C' country per Continent
5
Closest Countries to UK A-Z
6
Any capital of a 'D' country per Continent
7
5-to-1: US Geography No Hints
8
Any capital of an 'E' country per Continent
9
Find the US States - No Outlines
10
Any capital of an 'F' country per Continent
Explore More
Trending Topics
Anime
Marvel
Crossword
Harry Potter
Kpop
Disney
NBA
Soccer
Song
NFL
Pokémon
The Office
WWE
Puzzle
Country
hide this ad
More By:
mentalplayground
Quiz
Plays
Rating
Category
Featured
Created
Stanicalandania Countries
95,531
4.29
Geography
Jul 5, 2011
Progressively Tougher Pokemon Trivia
70,296
2.34
Gaming
Nov 6, 2012
Pokemon Attack Beginnings
2,576
4.00
Gaming
Jun 23, 2011
Pokemon Alphabet Foursomes (Gen I-V)
376
4.00
Gaming
Jun 19, 2011
Pokemon Endings A - Z (Each Generation)
258
5.00
Gaming
Jul 3, 2011
Go to Creator's Profile
Score Distribution
Quiz Creator Spotlight
mentalplayground
Follow
Send a Message
Quizzes Created
-
Created Quiz Play Count
-
More By This Creator
Popular Quizzes Today
1
Find the US States - No Outlines Minefield
2
Find the Countries of Europe - No Outlines Minefield
3
The Countries of the World
4
Find the US States
5
Risky Map Clicking: Biggest States A-Z
6
US States
7
Popular People in 1961
8
Movies - When Are They Set?
More Geography Quizzes
Erase Brazil
Quiz Lab
Trending Quizzes
Risky Map Clicking: Least Populous States A-Z
1-10 Letter G Words
USA Borders Longest to Shortest
1-10 Letter F Words
Countries of the World: 200 Million BC
Recently Updated
Leaping Animals
pecheneg
Reality TV Shows (A-Z)
bhenderson79
Rickey Henderson's Hall of Fame Teammates
pecheneg
Champions League XIs: Arsenal
pecheneg
Quick Pick: Celebrities in WWE's Hall of Fame
aduchscher
A-Z Keypad Blitz II
pecheneg
Multiple Oscar Actors
pecheneg
Mystery Phrase Blitz: Oscar 'Best Actors'
pecheneg
F. Scott Fitzgerald Novels
LTH
Pick 3 Villains
ddd62291
Trending Topics
NBA
Anime
Crossword
Marvel
Disney
Kpop
Harry Potter
Puzzle
WWE
NFL
The Office
Soccer
Pokémon
Country
Song
Your Account Isn't Verified!
In order to create a playlist on Sporcle, you need to verify the email address you used during registration. Go to your
Sporcle Settings
to finish the process.
Report this User
Report this user for behavior that violates our
Community Guidelines
.
Details:
Send Report
Go to the Sporcle.com Mobile Site →
Comments